| 000 -LEADER |
| fixed length control field |
00849nam a2200241Ia 4500 |
| 001 - CONTROL NUMBER |
| control field |
1996 |
| 003 - CONTROL NUMBER IDENTIFIER |
| control field |
GE_BSU |
| 005 - DATE AND TIME OF LATEST TRANSACTION |
| control field |
20221010113433.0 |
| 008 - FIXED-LENGTH DATA ELEMENTS--GENERAL INFORMATION |
| fixed length control field |
181216s2007ru xx |||||||||||||| ||rus|| |
| 020 ## - INTERNATIONAL STANDARD BOOK NUMBER |
| International Standard Book Number |
5699197397 |
| 040 ## - CATALOGING SOURCE |
| Transcribing agency |
GE_BSU |
| 041 ## - LANGUAGE CODE |
| Language code of text/sound track or separate title |
rus |
| 080 ## - UNIVERSAL DECIMAL CLASSIFICATION NUMBER |
| Universal Decimal Classification number |
349.4(075.8) А-25 |
| 245 ## - TITLE STATEMENT |
| Title |
Аграрное право : |
| Remainder of title |
Учебник / |
| Statement of responsibility, etc. |
Под ред.С.А.Боголюбова Е.Л.Мининой |
| 264 ## - PRODUCTION, PUBLICATION, DISTRIBUTION, MANUFACTURE, AND COPYRIGHT NOTICE |
| Place of production, publication, distribution, manufacture |
Москва : |
| Name of producer, publisher, distributor, manufacturer |
Эксмо, |
| Date of production, publication, distribution, manufacture, or copyright notice |
2007. |
| 300 ## - PHYSICAL DESCRIPTION |
| Extent |
368 стр. |
| 653 ## - INDEX TERM--UNCONTROLLED |
| keyword |
Аграрное право |
| 653 ## - INDEX TERM--UNCONTROLLED |
| keyword |
სასოფლო-სამეურნეო სამართალი |
| 653 ## - INDEX TERM--UNCONTROLLED |
| keyword |
სამართალი |
| 700 ## - ADDED ENTRY--PERSONAL NAME |
| Personal name |
Боголюбова, С.А. |
| Relator term |
რედაქტორი |
| 9 (RLIN) |
15172 |
| 700 ## - ADDED ENTRY--PERSONAL NAME |
| Personal name |
Мининой, Е.Л |
| Relator term |
რედაქტორი |
| 9 (RLIN) |
15173 |
| 942 ## - ADDED ENTRY ELEMENTS (KOHA) |
| Koha item type |
წიგნი |
| Source of classification or shelving scheme |
|